00470nam a22001697a 450000500170000001000120001702000130002903500120004203700160005408200100007010000170008024500350009724600350013226000520016727000580021930000230027720200316143334.0 aB-24537 c40.00a- aB-24537 bBPPD/PUBa- a910.4 aپبليشر aسفر نا مےcپبليشر bSafar Name(Urdu)aby Publisher aPatnabKhuda Bakhsh Oriental Pub. Lib.c1999 ء aKhuda Bakhsh Oriental Public Library,bPatnae-k-l- a112 ص c22 Cm(Hb)